100 years of Indian rubber plantation industry (Record no. 53232)

MARC details
000 -LEADER
fixed length control field 00340nam a2200133Ia 4500
100 ## - MAIN ENTRY--AUTHOR NAME
Personal name George C M
245 #0 - TITLE STATEMENT
Title 100 years of Indian rubber plantation industry
260 ## - PUBLICATION, DISTRIBUTION, ETC. (IMPRINT)
Name of publisher Rubber Asia
Year of publication 2003
300 ## - PHYSICAL DESCRIPTION
Number of Pages 109-112
650 ## - SUBJECT ADDED ENTRY--TOPICAL TERM
Topical Term India
650 ## - SUBJECT ADDED ENTRY--TOPICAL TERM
Topical Term Rubber plantation industry
942 ## - ADDED ENTRY ELEMENTS (KOHA)
Koha item type Journals
Holdings
Withdrawn status Lost status Damaged status Not for loan Home library Current library Shelving location Date acquired Serial Enumeration / chronology Koha item type
      Journals RRII Library RRII Library Agricultural economics 01/01/2021 Volume 17, Issue 1 Journals